Statistics for Schools with the most #1 overall NFL draft picks

Click here to take the quiz!

General Stats

  • This quiz has been taken 477 times
  • The average score is 6 of 11

Answer Stats

Number of # 1 PicksYearsAnswer% Correct
3'76,'80,'10Oklahoma
69%
5'68,'69,'77,'96,03USC
69%
3'79,'94,'97Ohio State
67%
2'78,'82Texas
65%
3'86,'88,'11Auburn
59%
2'87,'91Miami
55%
2'75,'16California
54%
3'71,'83,'12Stanford
52%
2'95,'00Penn State
39%
2'81,14South Carolina
31%
2'85,'01Virginia Tech
29%

Score Distribution

Percentile by Number Answered

Percent of People with Each Score

Your Score History

You have not taken this quiz